Estrategia para estimular la movilidad social (Registro nro. 15943)
[ vista simple ]
| 000 -LEADER | |
|---|---|
| fixed length control field | 00331 a2200109 4500 |
| 001 - CONTROL NUMBER | |
| control field | ART_2725 |
| 005 - DATE AND TIME OF LATEST TRANSACTION | |
| control field | 20260410161709.0 |
| 008 - FIXED-LENGTH DATA ELEMENTS--GENERAL INFORMATION | |
| fixed length control field | 260409a |
| 100 1# - MAIN ENTRY--PERSONAL NAME | |
| Personal name | Germani, Gino |
| 245 10 - TITLE STATEMENT | |
| Title | Estrategia para estimular la movilidad social |
| 773 0# - HOST ITEM ENTRY | |
| Title | Desarrollo económico |
| Related parts | - Vol. 1, Nº 3 (oct./dic. 1961) |
| Record control number | REV1174 |
No hay ítems disponibles.